00681nam a22001697a 4500008004100000020001800041040005500059080002600114245005900140260007400199300001500273650001600288653001900304942001300323999001700336952015800353230602b |||||||| |||| 00| 0 eng d a92-1-006004-0 aNational Science LibrarycNational Science Library aR 31:66/69](035) bM6 aHandbook book of industrial statistics 1986 c/ UNIDO  aVienna: bUnited Nations Industrial Development Organization, c1986  aix, 444p.  aStatistics  aManufacturing  2udccHDK c38623d38623 00102udc406R_316669035_M6708REF958150aNSLbNSLcGF/Rk-25/C-7/R-6d1989-04-21l0oR 31:66/69](035) M6p170018r2023-06-02 00:00:00w1989-04-21yHDK